000 00361nam a22001217a 4500
999 _c9510
_d9510
003 OSt
008 201203b ||||| |||| 00| 0 eng d
245 _aSadhana Academy Proceedings in Engineering Sciences
250 _a2010(Feb Vol.35 No.1, Apr Vol.35 No.2, Aug Vol.35 No.4)
260 _aBengaluru
_bSpringer
650 _aMechanical Engineering
942 _2ddc
_cBV